000 00428nam a2200181Ia 4500
005 20250603145638.0
008 250603s9999 xx 000 0 und d
020 _a9789789629046
050 _aHD 1387 .O36/
100 _aOkoh, Victor Philip Okorie
245 0 _aReal estate investment appraisal
260 _aLagos
260 _bTerry Publishers
260 _c2018
300 _a294 p
650 _aLagos
942 _cBK
999 _c42442
_d42442